000 00768nam a2200229Ii 4500
003 JO-AjNU
008 230605s9999||||xx |||||||||||||| ||und||
017 _a2003/12/2618
020 _a9957-11-476-X
040 _aJO-AjNU
_bara
_erda
_cJO-AjNU
041 _aara
050 1 4 _aHD30.24.M87.2004
100 3 _aالموسوي،عبدالرسول عبدالرزاق,
_eauthor
_929226
245 0 0 _aدراسات الجدوى وتقييم المشروعات
250 _aط1
264 3 1 _aعمان:دار وائل للنشر والتوزيع،2004
300 _a297ص
336 _atext
_btxt
_2rdacontent
337 _aunmediated
_bn
_2rdamedia
338 _avolume
_bnc
_2rdacarrier
650 4 _a إدارة المشروعات -دراسات الجدوى
_929227
999 _aA11435
_c15003
_d15003